सौन्दर्य का समीक्षात्मक अध्य्यन : (Record no. 113190)

MARC details
000 -LEADER
fixed length control field 01270nam a22002537a 4500
005 - DATE AND TIME OF LATEST TRANSACTION
control field 20170124102949.0
010 ## - LIBRARY OF CONGRESS CONTROL NUMBER
LC control number B-169475
020 ## - INTERNATIONAL STANDARD BOOK NUMBER
Terms of availability 400.00
International Standard Book Number 8171490670
035 ## - SYSTEM CONTROL NUMBER
System control number B-169475
037 ## - SOURCE OF ACQUISITION
Source of stock number/acquisition Cen Lib/Ret
040 ## - CATALOGING SOURCE
Original cataloging agency DPL
Language of cataloging HN
082 ## - DEWEY DECIMAL CLASSIFICATION NUMBER
Classification number 821.08
Item number शर्मासं
100 ## - MAIN ENTRY--PERSONAL NAME
Personal name शर्मा, संजय
9 (RLIN) 2125
245 ## - TITLE STATEMENT
Title सौन्दर्य का समीक्षात्मक अध्य्यन :
Statement of responsibility, etc संजय शर्मा
Remainder of title स्वतंत्रयोतर हिन्दी कविता के संदर्भ में /
246 ## - VARYING FORM OF TITLE
Title proper/short title Saundarye ka sameekshatmak adhyyan : swantryotar hindi kavita ke sandarbh me /
Remainder of title by Sanjay Sharma
260 ## - PUBLICATION, DISTRIBUTION, ETC. (IMPRINT)
Place of publication, distribution, etc दिल्ली
Name of publisher, distributor, etc साहित्य सहकार
Date of publication, distribution, etc 2005
270 ## - ADDRESS
Address 29/62-बी, गली न.11, विश्वास नगर
City दिल्ली
Postal code 110032
300 ## - PHYSICAL DESCRIPTION
Extent 343पृ.
Dimensions 21सेमी (सजिल्द)
650 ## - SUBJECT ADDED ENTRY--TOPICAL TERM
Topical term or geographic name as entry element हिन्दी -- साहित्य
9 (RLIN) 51044
650 ## - SUBJECT ADDED ENTRY--TOPICAL TERM
Topical term or geographic name as entry element हिन्दी -- कविता का अध्य्यन
9 (RLIN) 49642
650 ## - SUBJECT ADDED ENTRY--TOPICAL TERM
Topical term or geographic name as entry element Hindi -- literature
9 (RLIN) 51045
650 ## - SUBJECT ADDED ENTRY--TOPICAL TERM
Topical term or geographic name as entry element Hindi -- A study of poetry
9 (RLIN) 51046
942 ## - ADDED ENTRY ELEMENTS (KOHA)
Source of classification or shelving scheme Dewey Decimal Classification
Koha item type Hindi Books
Classification part 821.08
Call number suffix शर्मासं
Holdings
Withdrawn status Lost status Damaged status Not for loan Home library Current library Date acquired Source of acquisition Cost, normal purchase price Total Checkouts Full call number Barcode Date last seen Copy number Cost, replacement price Price effective from Koha item type Source of classification or shelving scheme Collection code
        Central Library Central Library 11/08/2015 Cen Lib/Ret 400.00   821.08 शर्मासं B-169475 11/08/2015 1 400.00 11/08/2015 Hindi Books    
        Sarojini Nagar Sarojini Nagar 21/10/2021   400.00   821.08 शर्मासं B-169476 21/10/2021     21/10/2021 Hindi Books Dewey Decimal Classification Non-fiction

© Delhi Public Library
Hit Counter
free hit counter